Marketing of agriculture and allied commodities in North East India / (Record no. 143566)
[ view plain ]
| 000 -LEADER | |
|---|---|
| fixed length control field | 00790nam a22002177a 4500 |
| 005 - DATE AND TIME OF LATEST TRANSACTION | |
| control field | 20191211171812.0 |
| 010 ## - LCCN (DPL NO) | |
| LC control number | ENG-119892 B-731132 |
| 020 ## - INTERNATIONAL STANDARD BOOK NUMBER | |
| Terms of availability | 495.00 |
| International Standard Book Number | 9788183641074 |
| 035 ## - SYSTEM CONTROL NUMBER | |
| System control number | EN-103424 |
| 035 ## - SYSTEM CONTROL NUMBER | |
| System control number | B-731132 |
| 037 ## - SOURCE OF ACQUISITION | |
| Source of stock number/acquisition | DBAD/PUB |
| Stock number | dpl |
| 082 ## - DEWEY DECIMAL CLASSIFICATION NUMBER | |
| Classification number | 338.10054 |
| 100 ## - MAIN ENTRY--PERSONAL NAME | |
| Personal name | Thanga, James L.T |
| 245 ## - TITLE STATEMENT | |
| Title | Marketing of agriculture and allied commodities in North East India / |
| Statement of responsibility, etc | by James L.T. Thanga |
| 260 ## - PUBLICATION, DISTRIBUTION, ETC. (IMPRINT) | |
| Name of publisher, distributor, etc | Anshah Publishing House |
| Date of publication, distribution, etc | 2016 |
| Place of publication, distribution, etc | Delhi |
| 270 ## - ADDRESS | |
| Address | LG, Pankaj Central Market, I.P. Ext., Patparganj, |
| City | Delhi |
| Postal code | 110092 |
| 300 ## - PHYSICAL DESCRIPTION | |
| Extent | 128p |
| Dimensions | 21cm(Hb) |
| 500 ## - GENERAL NOTE | |
| General note | Include Bibliographical reference and Index |
| 942 ## - ADDED ENTRY ELEMENTS (KOHA) | |
| Source of classification or shelving scheme | Dewey Decimal Classification |
| Item type | English Books |
| Classification part | 338.10054 |
| Call number suffix | THA |
| Withdrawn status | Lost status | Not for loan | Collection code | Home library | Current library | Date acquired | Source of acquisition | Cost, normal purchase price | Full call number | Barcode | Copy number | Cost, replacement price | Koha item type |
|---|---|---|---|---|---|---|---|---|---|---|---|---|---|
| Not For Loan | Non-fiction | D.B.Act.Division | D.B.Act.Division | 18/08/2017 | DBAD/PUB | 495.00 | 338.10054 THA | EN-103424 | 1 | 495.00 | English Books | ||
| Non-fiction | Kadipur | Kadipur | 11/12/2019 | Gift/ Eng./13.11.2019 | 495.00 | 338.10054 THA | B-731132 | 1 | 495.00 | English Books |
